| 000 | | | 05112cbc2a2200313#x 450 |
| 001 | | | 8d597afb-679f-4bf0-afa0-537dda7f6b73 |
| 005 | | | 20230529172008.0 |
| 100 | ## | $a | 20171115l19221922k y0rusy50 ca |
| 101 | 0# | $a | rus |
| 102 | ## | $a | RU |
| 105 | ## | $a | y z |||e| |
| 122 | 2# | $a | d19220105 |
| | $a | d19220902 |
| 200 | 1# | $a | Переписка с Народным комиссариатом продовольствия о снабжении Донбасса |
| | $j | 5 января - 2 сентября 1922 |
| 215 | ## | $a | 10 листов |
| 251 | ## | $c | Дело |
| 300 | ## | $a | Заголовок дела на папке: Переписка с Наркомпродом по вопросу снабжения Урала |
| 300 | ## | $a | В деле имеются телеграммы |
| 300 | ## | $a | На листе 1а: 1922 г. |
| 300 | ## | $a | Машинописный текст |
| 324 | ## | $a | В деле имеются копии отдельных документов |
| 330 | ## | $a | Входит в раздел описи: VII. Комитет служащих СНК. Народный комиссариат по продовольствию |
| 461 | #0 | $1 | 001ad6baeac-e292-4829-90d1-2f4f65796a62 |
| | $1 | 2001 |
| | $a | СОВЕТ НАРОДНЫХ КОМИССАРОВ РСФСР (СНК РСФСР) |
| | $1 | 251 |
| | $c | Фонд |
| | $1 | 852 |
| | $g | Р |
| | $j | 130 |
| 462 | #0 | $1 | 001edfd37f9-d4a8-40e3-8015-e88afb5d9294 |
| | $1 | 2001 |
| | $a | 1922 г. |
| | $v | Д. 541 |
| | $1 | 251 |
| | $c | Опись |
| | $1 | 852 |
| | $j | 6 |
| 517 | 1# | $a | Переписка с Наркомпродом по вопросу снабжения Урала |
| 801 | #0 | $a | RU |
| | $b | GA_RF |
| 801 | #1 | $a | RU |
| | $b | АО "НПО Опыт" |
| | $c | 20171115 |
| | $2 | rusmarc |
| 801 | #2 | $a | RU |
| | $b | ПБ им. Б.Н. Ельцина |
| | $c | 20171208 |
| | $g | RCR |
| | $2 | rusmarc |
| 852 | ## | $a | ГА РФ |
| | $j | 541 |
| 937 | ## | $d | 111325880 |
| | $h | ПБ |
| 035 | ## | $a | RuPRLIB51053344 |
| 856 | ## | $u | http://readingroom.main.prlib.ru/item.aspx?id_node=n111325880&mode=full |
| 850 | ## | $a | Государственный архив Российской Федерации |
| 605 | ## | $2 | acquisition_Prlib |
| | $3 | LIBNET\UAF\0000107260 |
| | $a | Донецкая Народная Республика: страницы истории |
| | $l | коллекция |
| 605 | ## | $2 | acquisition_Prlib |
| | $3 | DITM\AF\0000002775 |
| | $a | Власть |
| | $l | коллекция |
| 606 | 1# | $2 | prlib_sh |
| | $3 | LIBNET\UAF\0000107366 |
| | $a | Голод |
| | $j | Архивные дела |
| | $x | Борьба с ним |
| | $y | СССР |
| | $y | Юг |
| | $z | 1921 - 1923 |
| 686 | ## | $2 | rubbk |
| | $a | 63.3(2)61-2ю1 |
| | $v | LBC/M |